|
|
|
|
| LEADER |
01274nam a2200361Ia 4500 |
| 001 |
EBC288922 |
| 003 |
MiAaPQ |
| 005 |
20200520144314.0 |
| 006 |
m o d | |
| 007 |
cr cn||||||||| |
| 008 |
040715s2005 enka sb 001 0 eng d |
| 020 |
|
|
|z 0750661739 (pbk.) :
|
| 035 |
|
|
|a (MiAaPQ)EBC288922
|
| 035 |
|
|
|a (Au-PeEL)EBL288922
|
| 035 |
|
|
|a (CaPaEBR)ebr10169652
|
| 035 |
|
|
|a (CaONFJC)MIL100336
|
| 035 |
|
|
|a (OCoLC)437177034
|
| 040 |
|
|
|a MiAaPQ
|c MiAaPQ
|d MiAaPQ
|
| 050 |
|
4 |
|a HF5823
|b .P69 2005
|
| 082 |
0 |
4 |
|a 659.1
|2 22
|
| 245 |
0 |
4 |
|a The practice of advertising
|h [electronic resource] /
|c edited by Adrian R. Mackay.
|
| 250 |
|
|
|a 5th ed.
|
| 260 |
|
|
|a Oxford :
|b Elsevier Butterworth-Heinemann,
|c 2005.
|
| 300 |
|
|
|a xxiii, 367 p. :
|b ill.
|
| 500 |
|
|
|a Previous ed.: 1995.
|
| 504 |
|
|
|a Includes bibliographical references and index.
|
| 533 |
|
|
|a Electronic reproduction. Ann Arbor, MI : ProQuest, 2015. Available via World Wide Web. Access may be limited to ProQuest affiliated libraries.
|
| 650 |
|
0 |
|a Advertising.
|
| 650 |
|
0 |
|a Advertising
|x Methodology.
|
| 655 |
|
4 |
|a Electronic books.
|
| 700 |
1 |
|
|a Mackay, Adrian.
|
| 710 |
2 |
|
|a ProQuest (Firm)
|
| 856 |
4 |
0 |
|u https://ebookcentral.proquest.com/lib/matrademy/detail.action?docID=288922
|z Click to View
|